Decision support systems in the 21st century (Record no. 567373)

000 -LEADER
fixed length control field 00656nam a22001817a 4500
003 - CONTROL NUMBER IDENTIFIER
control field CEME
005 - DATE AND TIME OF LATEST TRANSACTION
control field 20210628201837.0
008 - FIXED-LENGTH DATA ELEMENTS--GENERAL INFORMATION
fixed length control field 210208b xxu||||| |||| 00| 0 eng d
020 ## - INTERNATIONAL STANDARD BOOK NUMBER
International Standard Book Number 81-203-2376-9
040 ## - CATALOGING SOURCE
Transcribing agency .
082 ## - DEWEY DECIMAL CLASSIFICATION NUMBER
Classification number 658.403 MAR
245 ## - TITLE STATEMENT
Title Decision support systems in the 21st century
250 ## - EDITION STATEMENT
Edition statement MARAKAS, GEORGE. M
260 ## - PUBLICATION, DISTRIBUTION, ETC.
Place of publication, distribution, etc. NEW DELHI
Name of publisher, distributor, etc. PRENTICE HALL
Date of publication, distribution, etc. 2003
300 ## - PHYSICAL DESCRIPTION
Extent XXIII,611P
650 ## - SUBJECT ADDED ENTRY--TOPICAL TERM
Topical term or geographic name entry element DECISION SUPPORT SYSTEMS IN THE 21ST CENTURY.KNOWLEDGE ENGINEERING AND ACQUISITION.DATA MINING AND DATA VISUALIZATION.EXPERT SYSTEMS AND ARTIFICIAL INTELLIGENCE.CREATIVE DECISION MAKING AND PROBLEM SOLVING.
9 (RLIN) 57066
942 ## - ADDED ENTRY ELEMENTS (KOHA)
Koha item type Book
Source of classification or shelving scheme
Holdings
Withdrawn status Lost status Damaged status Not for loan Permanent Location Current Location Shelving location Date acquired Total Checkouts Full call number Barcode Date last seen Price effective from Koha item type
        College of Electrical & Mechanical Engineering (CEME) College of Electrical & Mechanical Engineering (CEME) General Stacks 07/12/2017   658.403 MAR CEME-40631 06/28/2021 06/28/2021 Book
© 2023 Central Library, National University of Sciences and Technology. All Rights Reserved.